| 000 | 00407nam a2200109Ia 4500 | ||
|---|---|---|---|
| 008 | 230907s9999||||xx |||||||||||||| ||und|| | ||
| 082 |
_a621.3 _bIEC |
||
| 100 |
_aIEC Standards _9117978 |
||
| 245 | 0 | _aIEC 60587 ED. 3.0 B:2007: ELECTRICAL INSULATING MATERIALS USED UNDER SEVERE AMBIENT CONDITIONS - TEST METHODS FOR EVALUATING RESISTANCE TO TRACKING AND EROSION | |
| 260 |
_bIEC _c2019-09-13 |
||
| 942 |
_2ddc _cEB |
||
| 999 |
_c599837 _d599837 |
||